2001 population census thematic report - youths

Na minha lista:
Detalhes bibliográficos
Formato: Livro
Idioma:inglês
chinês
Publicado em: Hong Kong Census and Statistics Department 2001
Assuntos:
Tags: Adicionar Tag
Sem tags, seja o primeiro a adicionar uma tag!

MARC

LEADER 00000nam a2200000 4500
001 c141645
005 20221124104234.6
041 0 |a eng 
041 0 |a chi 
044 |a HK 
245 1 0 |a 2001 population census  |b thematic report - youths 
264 1 |a Hong Kong  |b Census and Statistics Department  |c 2001 
300 |a 73 s. 
610 2 0 |a mládež 
610 2 0 |a populácia 
610 2 0 |a štatistika demografická 
610 2 0 |a ukazovatele štatistické 
610 2 0 |a vzdelávanie 
610 2 0 |a školy 
610 2 0 |a trh práce 
610 2 0 |a migrácia 
610 2 0 |a hospodárstvo domáce 
610 2 0 |a Čína 
610 2 0 |a Hongkong 
610 2 0 |a 2001